Statistiques concernant Les pays contenant V

Cliquez ici pour prendre le quiz!

Statistiques générales

  • Ce quiz a été pris 18 557 fois
  • Le résultat moyen est 10 sur 20

Statistiques - réponses

pays% Correct
Venezuela
92%
Vatican
85%
Vanuatu
73%
Viêt Nam
65%
Slovaquie
64%
Slovénie
64%
Norvège
61%
Nouvelle-Zélande
61%
Bolivie
47%
Tuvalu
47%
Kosovo
46%
Moldavie
46%
Saint-Vincent-et-
les-Grenadines
41%
Papouasie-
Nouvelle-Guinée
37%
Bosnie-Herzégovine
36%
Salvador
31%
Cabo Verde
24%
Saint-Christophe-
et-Niévès
24%
Maldives
19%
Côte d'Ivoire
16%

Distribution des résultats

Percentile par nombre de réponses

% des personnes avec chaque résultat

Votre développement - résultats

Vous n’avez pas pris ce quiz